000 00704nam a2200217Ii 4500
003 JO-AjNU
008 230606s9999||||xx |||||||||||||| ||und||
020 _a0-19-436571-9
040 _aJO-AjNU
_beng
_erda
_cJO-AjNU
041 _aeng
050 1 4 _aPE1128.P374 2004
100 3 _aBland,Susan Kesner تأليف;Pavlik,Cheryl م.مشارك,
_eauthor
_92098
245 0 0 _aGrammar Sense 1
250 _a1 ed
264 3 1 _aNew York:Oxford University Press,2004
300 _a396p
336 _atext
_btxt
_2rdacontent
337 _aunmediated
_bn
_2rdamedia
338 _avolume
_bnc
_2rdacarrier
650 4 _aGrammar Sense-Grammar-English-English Language-Textbooks for foreign speakers-Problems
_92099
999 _aE1101
_c1101
_d1101